00602nam a2200169 a 450000100100000000500170001000800410002702000150006804000250008310000250010824500940013326000340022730000280026150000210028995201050031099900170041500004440020201002045339.0140627s2004 dr a 001 0 spa d a8449315212 aDO-SdBNPbspacBNPHU1 aHoward, W. J.97241110aMatemáticas sencillas :baprende a calcular mentalmente sin problemas /cW. J., Howard. aBarcelona :bPaidós,c2004. a137 p. :bil. ;c22 cm. aIncluye índice 0010718PDaGRbGRcCTd2014-06-27iLF1l0o p44400-10r2020-06-25w2020-06-25yLFPDZNo se presta c43889d43889